Responses for show #7919 - Thursday, January 31, 2019

Contestants

J.B. Evans, an attorney from Boise, Idaho

Meghan Schulz, an environmental engineer from Bristol, Pennsylvania

Joan Dietrich, a Montessori teacher from Sammamish, Washington (whose 1-day cash winnings total $21,300)

Jeopardy! Round responses

OFFICIAL STATE FOODS
DISASTER AVERTED
MISCELLANEOUS
I BEFORE E, AFTER C
SCRIBBLING SIBLINGS
THE SUPER BOWL
    $200 15
popcorn

Meghan
    $200 2
hurricane season

Meghan
    $200 3
(Meghan: What is a donkey?)

a llama

JoanMeghan
    $200 26
a concierge

Meghan
    $200 1
(J.B.: What is Star Trek?)

The Twilight Zone

MeghanJ.B.
    $200 12
(Vince) Lombardi

Joan
    $1,000 18
an apple

J.B.
    $400 7
Australia

Meghan
    $400 22
Rama

Triple Stumper
    $400 28
omniscient

Joan
    $400 4
Emily Brontë

Joan
    $400 13
Roethlisberger

Joan
    $600 19
key lime pie

Meghan
    $600 8
a levee

Meghan
    $600 23
(J.B.: What is a monk?)

a lama

MeghanJ.B.
    $600 29
a society

Meghan
    $600 5
Farrelly

Meghan
    $600 14
New Orleans

Meghan
    $800 20
king salmon

Joan
    $800 9
a missile

Meghan
    $800 24
ramen

J.B.
    $800 30
(Joan: Oh. No.)

boccie

Joan
Triple Stumper
    $800 6
a governess

Meghan
    $800 16
the New York Jets

Joan
    $1000 21
the blue crab

Meghan
    $1000 10
(Meghan: What is a condor?)

a (California) gull

JoanMeghan
    $1000 25
(Alex: Less than a minute now.)

ding-dong

Meghan
    $1000 27
a hacienda

J.B.
    $1000 11
Naipaul

Joan
    $1000 17
Jon Gruden

J.B.

Scores at the first commercial break (after clue 15):

Joan Meghan J.B.
$3,200 $3,200 -$200

Scores at the end of the Jeopardy! Round:

Joan Meghan J.B.
$4,400 $7,200 $3,000

Double Jeopardy! Round responses

BIO PICKED
(Alex: You have to identify the movie for a correct response.)
CLICHES
1960s AMERICA
I GOT THE WORLD ON A STRING
"M.C."
THE SUPERB OWL
    $400 6
(Joan: Who is Zuckerberg?)

The Social Network

JoanMeghan
    $400 13
the highway

J.B.
    $400 11
(J.B.: Who is Nixon?)
(Joan: Who is Johnson?)

John F. Kennedy

JoanJ.B.
Triple Stumper
    $400 21
a sitar

J.B.
    $400 1
(Joan: What's the master copy?)

the merchant copy

JoanJ.B.
    $400 18
cacti

J.B.
    $800 7
(Alex: Johnny Cash.)

Walk the Line

Meghan
    $800 17
Methuselah

Meghan
    $800 12
Medicare and Medicaid

Meghan
    $800 27
Wales

J.B.
    $800 2
mint condition

J.B.
    $800 24
a screech owl

J.B.
    $1200 8
(J.B.: What is Who's Afraid of Virginia Woolf?)
(Meghan: What's The Unsinkable Molly Brown? Molly Brown?)

The Miracle Worker

MeghanJ.B.
Triple Stumper
    $1200 19
(J.B.: What is swine before pearls?)

pearls before swine

MeghanJ.B.
    $2,000 14
Tim Leary

J.B.
    $1200 25
(Alex: And we have less than a minute now.)

Madagascar

Meghan
    $1200 3
Master Chief

Meghan
    $5,000 30
Athena

J.B.
    $1600 9
(Joan: Oh. What is Amadeus?)
...
(Alex: Beethoven, of course, and the film was [*].)

immortal Beloved

Joan
Triple Stumper
    $1600 20
quick

Joan
    $1600 15
(Joan: Who is the Group of Seven?)

the Chicago Seven (or Chicago Eight)

JoanJ.B.
    $1600 26
(Joan: What's a balalaika?)

a bouzouki

Joan
Triple Stumper
    $1600 4
a missed connection

Meghan
    $1600 29
a barn owl

J.B.
    $2000 10
Coal Miner's Daughter

Joan
    $2000 22
sand

Meghan
    $2000 16
thunder

J.B.
    $2000 28
(Meghan: What are bass strings?)

sympathetic strings

Meghan
Triple Stumper
    $2000 5
a mortal coil

Joan
    $2000 23
(J.B.: What are talons?)

eyes

JoanJ.B.

Scores at the end of the Double Jeopardy! Round:

Joan Meghan J.B.
$6,000 $14,000 $14,400

[wagering suggestions for these scores]

Final Jeopardy! Round responses

FEMALE SINGERS
JoanWho is Mariah Carey?
$1,500
MeghanWho is Mariah Carey?
$13,190
J.B.Who is Houston
$13,601
Mariah Carey

Final scores:

Joan Meghan J.B.
$7,500 $27,190 $799
2nd place: $2,000 New champion: $27,190 3rd place: $1,000

Game dynamics:

Coryat scores:

Joan Meghan J.B.
$6,000 $14,000 $9,200
13 R,
7 W
24 R,
4 W
16 R
(including 3 DDs),
6 W

Combined Coryat: $29,200

The J! Archive is created by fans, for fans. The Jeopardy! game show and all elements thereof, including but not limited to copyright and trademark thereto, are the property of Jeopardy Productions, Inc. and are protected under law. This website is not affiliated with, sponsored by, or operated by Jeopardy Productions, Inc. Join the discussion at JBoard.tv.